Konec starých časů /
Konec starých časů je román Vladislava Vančury poprvé vydaný roku 1934 nakladatelstvím Melantrich. Jeho děj se odehrává krátce po roce 1918 na jihočeském zámku Kratochvíle. Hlavní postavou je kníže a plukovník Alexandr Megalrogov.
Uloženo v:
| Hlavní autor: | |
|---|---|
| Médium: | E-kniha |
| Jazyk: | Czech |
| Vydáno: |
Praha :
Artis,
2022
|
| Tagy: |
Žádné tagy |
| LEADER | 01155nam a22002297i 4500 | ||
|---|---|---|---|
| 001 | 311607 | ||
| 007 | ta | ||
| 008 | 260601s2022 xr ||||| |||| 00| 0 cze d | ||
| 020 | |a 9990003568564 | ||
| 044 | |a xr | ||
| 100 | 1 | |a Vančura, Vladislav |4 aut | |
| 245 | 1 | 0 | |a Konec starých časů / |c Vančura, Vladislav |
| 264 | 1 | |a Praha : |b Artis, |c 2022 | |
| 300 | |a 1 online zdroj (215 stran) | ||
| 336 | |a text |b txt |2 rdacontent | ||
| 337 | |a bez média |b n |2 rdamedia | ||
| 338 | |a online zdroj |b cr |2 rdacarrier | ||
| 520 | 2 | |a Konec starých časů je román Vladislava Vančury poprvé vydaný roku 1934 nakladatelstvím Melantrich. Jeho děj se odehrává krátce po roce 1918 na jihočeském zámku Kratochvíle. Hlavní postavou je kníže a plukovník Alexandr Megalrogov. | |
| 910 | |a RBIT002 | ||
| 998 | |d 356856 |a https://core.palmknihy.cz/api/books/356856/cover?rf5iz9 |b https://core.palmknihy.cz/api/books/356856/cover/400?rf5iz9 |c https://core.palmknihy.cz/api/books/356856/cover/50?rf5iz9 |e 2099-01-01 |g 215 |i 9990003568564 |j https://core.palmknihy.cz/api/books/356856/preview.epub |l |q 49 |r 1 |s https://www.palmknihy.cz/kniha/356856 |t ebook |y 2022 |z 1 | ||
| 999 | |d 311605 | ||